Mechanizmus riadenia investičného procesu záverečná správa ŠPZV IX-2-2/8

Guardado en:
Detalles Bibliográficos
Formato: Libro
Lenguaje:eslovaco
Publicado: Bratislava VŠE 1989
Etiquetas: Agregar Etiqueta
Sin Etiquetas, Sea el primero en etiquetar este registro!

MARC

LEADER 00000nam a2200000 4500
001 c026162
005 20260325122640.3
041 0 |a slo 
044 |a SK 
245 1 0 |a Mechanizmus riadenia investičného procesu  |b záverečná správa ŠPZV IX-2-2/8 
264 1 |a Bratislava  |b VŠE  |c 1989 
300 |a 130 s.